Internet and Network Economics 6th International Workshop, WINE 2010, Stanford, CA, USA, December 13-17, 2010. Proceedings /

This book constitutes the refereed proceedings of the 6th International Workshop on Internet and Network Economics, WINE 2010, held in Stanford, USA, in December 2010. The 52 revised full papers presented were carefully reviewed and selected from 95 submissions. The papers are organized in 33 regula...

Full description

Bibliographic Details
Corporate Author: SpringerLink (Online service)
Other Authors: Saberi, Amin (Editor)
Format: Electronic eBook
Language:English
Published: Berlin, Heidelberg : Springer Berlin Heidelberg, 2010.
Series:Lecture Notes in Computer Science, 6484
Subjects:
Online Access:Full Text via HEAL-Link
LEADER 02339nam a22005415i 4500
001 978-3-642-17572-5
003 DE-He213
005 20151204163318.0
007 cr nn 008mamaa
008 101206s2010 gw | s |||| 0|eng d
020 |a 9783642175725  |9 978-3-642-17572-5 
024 7 |a 10.1007/978-3-642-17572-5  |2 doi 
040 |d GrThAP 
050 4 |a TK5105.5-5105.9 
072 7 |a UKN  |2 bicssc 
072 7 |a COM075000  |2 bisacsh 
082 0 4 |a 004.6  |2 23 
245 1 0 |a Internet and Network Economics  |h [electronic resource] :  |b 6th International Workshop, WINE 2010, Stanford, CA, USA, December 13-17, 2010. Proceedings /  |c edited by Amin Saberi. 
264 1 |a Berlin, Heidelberg :  |b Springer Berlin Heidelberg,  |c 2010. 
300 |a X, 580 p. 45 illus., 13 illus. in color.  |b online resource. 
336 |a text  |b txt  |2 rdacontent 
337 |a computer  |b c  |2 rdamedia 
338 |a online resource  |b cr  |2 rdacarrier 
347 |a text file  |b PDF  |2 rda 
490 1 |a Lecture Notes in Computer Science,  |x 0302-9743 ;  |v 6484 
520 |a This book constitutes the refereed proceedings of the 6th International Workshop on Internet and Network Economics, WINE 2010, held in Stanford, USA, in December 2010. The 52 revised full papers presented were carefully reviewed and selected from 95 submissions. The papers are organized in 33 regular papers and 19 short papers. 
650 0 |a Computer science. 
650 0 |a Computer communication systems. 
650 0 |a Software engineering. 
650 0 |a Computers. 
650 0 |a Algorithms. 
650 0 |a Computer science  |x Mathematics. 
650 1 4 |a Computer Science. 
650 2 4 |a Computer Communication Networks. 
650 2 4 |a Algorithm Analysis and Problem Complexity. 
650 2 4 |a Software Engineering. 
650 2 4 |a Information Systems Applications (incl. Internet). 
650 2 4 |a Discrete Mathematics in Computer Science. 
650 2 4 |a Computation by Abstract Devices. 
700 1 |a Saberi, Amin.  |e editor. 
710 2 |a SpringerLink (Online service) 
773 0 |t Springer eBooks 
776 0 8 |i Printed edition:  |z 9783642175718 
830 0 |a Lecture Notes in Computer Science,  |x 0302-9743 ;  |v 6484 
856 4 0 |u http://dx.doi.org/10.1007/978-3-642-17572-5  |z Full Text via HEAL-Link 
912 |a ZDB-2-SCS 
912 |a ZDB-2-LNC 
950 |a Computer Science (Springer-11645)